[Event "7th C. Schlechter Memorial"]
[Site "Vienna, Austria"]
[Date "1996.10.26""]
[Round "1"]
[White "Popovic, P."]
[Black "Grabher, H."]
[Result "1-0"]
[WhiteElo "2575"]
[BlackElo "2275"]
[PlyCount "51"]

1. e4 c5 2. Nf3 e6 3. d4 cxd4 4. Nxd4 Nf6 5. Nc3 Nc6 6. Nxc6 bxc6 7. e5 Nd5 8.
Ne4 Ba6 9. Bxa6 Qa5+ 10. Bd2 Qxa6 11. b3 Qb6 12. O-O Qd4 13. Re1 Qxe5 14. c4
Nf6 15. Bc3 Qf4 16. g3 Qf5 17. Nd6+ Bxd6 18. Qxd6 Ng4 19. Bd4 Qh5 20. h4 f6 21.
Re4 Ne5 22. Bxe5 fxe5 23. Rxe5 Qf3 24. Rd1 O-O-O 25. Ra5 Rhf8 26. Rd2 1-0

[Event "7th C. Schlechter Memorial"]
[Site "Vienna, AUSTRIA"]
[Date "1996.10.26""]
[Round "1"]
[White "Schwab, R."]
[Black "Kindermann, S."]
[Result "1/2-1/2"]
[WhiteElo "2265"]
[BlackElo "2530"]
[Annotator "R. Schwab"]
[PlyCount "72"]

1. e4 e6 2. d4 d5 3. exd5 exd5 4. Bf4 Bd6 5. Qf3 Qe7+ 6. Ne2 Bxf4 7. Qxf4 Nf6
8. Nbc3 O-O 9. f3 c6 10. O-O-O b5 11. g4 Nbd7 12. Ng3 Nb6 13. Bd3 b4 14. Rde1
Qd8 15. Nd1 a5 16. g5 Ne8 17. Nh5 f5 18. gxf6 Nxf6 19. Qg5 Nxh5 20. Qxh5 h6
21. Rhg1 Qf6 22. Ne3 Rg6 Qf4+ 23. Kb1 Bf5 24. Re7 Bxd3 25. Rgxg7+ 25. Rg3 Qxb2+ 26.
Kd2 Qc3+ 27. Ke2 Nc5 28. Bh7+ {Mit} (28. Qh7+ Kf7 29. Qg6+ Kg8 30. Qh7+ Ba6+
31. Bd3 Nxd3 32. Nxd5+ Kf7 33. Qg6+ Kg8 34. Qe6+ Rff7 35. Qe8+ Rf8 36. Qe6+
Rff7 1/2-1/2

[Event "7th C. Schlechter Memorial"]
[Site "Vienna, AUSTRIA"]
[Date "1996.10.26""]
[Round "1"]
[White "Lau, R."]
[Black "Spindelboeck, G."]
[Result "1-0"]
[WhiteElo "2510"]
[BlackElo "2260"]
[PlyCount "63"]

1. e4 e6 2. d4 d5 3. Nc3 Nf6 4. e5 Nfd7 5. Nce2 c5 6. c3 Nc6 7. Nf3 b5 8. a3 b4
9. axb4 cxb4 10. Nf4 Be7 11. Bd3 Rb8 12. h4 bxc3 13. bxc3 Qc7 14. O-O Nb6 15.
Ng5 g6 16. Qf3 Nd8 17. g3 Bd7 18. Ba3 Bc6 19. Bd6 Bxd6 20. exd6 Qxd6 21. Rxa7
Rb7 22. Rxb7 Bxb7 23. Re1 O-O 24. h5 Qe7 25. hxg6 fxg6 26. Qg4 Rf6 27. Re3 Bc8
28. Qh4 Qg7 29. Nxh7 Rxf4 30. Qxd8+ Rf8 31. Qxf8+ Qxf8 32. Nxf8 1-0

[Event "7th C. Schlechter Memorial"]
[Site "Vienna, AUSTRIA"]
[Date "1996.10.26""]
[Round "1"]
[White "Dirr, U."]
[Black "Stanec, N."]
[Result "1/2-1/2"]
[WhiteElo "2260"]
[BlackElo "2505"]
[PlyCount "59"]

1. e4 c5 2. Nf3 Nc6 3. d4 cxd4 4. Nxd4 g6 5. c4 Nf6 6. Nc3 d6 7. Be2 Nxd4 8.
Qxd4 Bg7 9. O-O O-O 10. Qd2 Be6 11. Rb1 a6 12. b3 Rb8 13. Re1 Qa5 14. Bf1 Rfc8
15. Nd5 Qxd2 16. Bxd2 Bxd5 17. exd5 Kf8 18. a4 b6 19. g3 Rc7 20. Bc3 Ng4 21.
Bxg7+ Kxg7 22. f3 Ne5 23. Re3 Kf8 24. Rbe1 g5 25. h3 Rc5 26. Rd1 Ke8 27. Rd4
Kd7 28. h4 h6 29. Bh3+ Kd8 30. f4 1/2-1/2

[Event "7th C. Schlechter Memorial"]
[Site "Vienna, AUSTRIA"]
[Date "1996.10.26""]
[Round "1"]
[White "Blatny, P."]
[Black "Bawart, M."]
[Result "1-0"]
[WhiteElo "2490"]
[BlackElo "2255"]
[PlyCount "111"]

1. Nf3 c5 2. b3 Nc6 3. Bb2 f6 4. e4 Nh6 5. d4 cxd4 6. Nxd4 e6 7. Be2 Bb4+ 8. c3
Bc5 9. Bh5+ g6 10. Be2 Nxd4 11. cxd4 Qa5+ 12. Qd2 Qxd2+ 13. Nxd2 Bb4 14. a3 Be7
15. e5 Nf7 16. O-O-O b6 17. exf6 Bxf6 18. Ne4 Bg7 19. d5 e5 20. f4 Bh6 21. g3
d6 22. Bb5+ Ke7 23. Bc6 Bf5 24. Bxa8 Bxe4 25. Rhe1 Rc8+ 26. Bc6 Bf5 27. Bc3 Kf8
28. Kb2 exf4 29. Bf6 f3 30. Rf1 Bg7 31. Bxg7+ Kxg7 32. Rxf3 Bg4 33. Rxf7+ Kxf7
34. Rf1+ Kg7 35. Re1 Rf8 36. Kc3 Rf3+ 37. Kb4 Kf6 38. a4 Rf2 39. h3 Bxh3 40.
Rh1 Bf1 41. Rxh7 a5+ 42. Ka3 Rf3 43. Rb7 Rxg3 44. Rxb6 Ke5 45. Bb5 Bd3 46. Ra6
Bxb5 47. axb5 Kxd5 48. Ka4 g5 49. Rc6 Rf3 50. Rc8 g4 51. b6 Rf7 52. Rc7 Rf8 53.
b7 Rb8 54. Kb5 g3 55. Rg7 g2 56. Kb6 1-0

[Event "7th C. Schlechter Memorial"]
[Site "Vienna, AUSTRIA"]
[Date "1996.10.26""]
[Round "1"]
[White "Denk, A."]
[Black "Rotshtein, A."]
[Result "0-1"]
[WhiteElo "2255"]
[BlackElo "2475"]
[PlyCount "162"]

1. d4 Nf6 2. Nf3 e6 3. g3 c5 4. Bg2 Nc6 5. c4 cxd4 6. Nxd4 Bc5 7. Nb3 Be7 8.
Nc3 O-O 9. O-O b6 10. Bf4 Bb7 11. Rc1 a6 12. Qd2 Ra7 13. Rfd1 Qa8 14. Bc7 b5
15. cxb5 axb5 16. Nxb5 Rxa2 17. Bd6 Bxd6 18. Nxd6 Na5 19. Bxb7 Nxb7 20. Rc2
Nxd6 21. Qxd6 Rb8 22. Rdc1 h6 23. Qxb8+ Qxb8 24. Rc8+ Qxc8 25. Rxc8+ Kh7 26.
Rc2 Kg6 27. f3 Nd5 28. Kf2 f5 29. Nc5 Ra7 30. Rd2 Kf6 31. e4 fxe4 32. fxe4 Nb6
33. Rd6 Rc7 34. Rxb6 Rxc5 35. Ke3 Rc2 36. h4 Ke5 37. Rb5+ Kd6 38. e5+ Kc6 39.
Rb3 Rg2 40. Kf4 Rf2+ 41. Ke3 Rf1 42. Ke4 Re1+ 43. Kd4 Rd1+ 44. Ke4 Rd5 45. Rf3
Rb5 46. Rc3+ Kb6 47. Rc8 Rb4+ 48. Ke3 Kb7 49. Rg8 {} 49... Rg4 50. Kf3 h5 51.
Rd8 Kc7 52. Rh8 g6 53. Rg8 Kc6 54. Rb8 g5 55. hxg5 Rxg5 56. Kf4 Rg4+ 57. Kf3
Kd5 58. Rb5+ Kc4 59. Rb7 Rg7 60. Kf4 Kd4 61. Rb4+ Kd3 62. Kf3 Rg5 63. Rb7 Rf5+
64. Kg2 Rf7 65. Ra7 Ke4 66. Ra5 Rf8 67. Ra7 Rd8 68. Kh3 Kxe5 69. Kh4 d5 70.
Kxh5 d4 71. g4 d3 72. Ra1 d2 73. Rd1 Kf4 74. g5 e5 75. Kh6 e4 76. g6 e3 77. g7
Ke4 78. Rf1 e2 79. Rf8 d1=Q 80. g8=Q Qh1+ 81. Kg7 Qg2+ 0-1

[Event "7th C. Schlechter Memorial"]
[Site "Vienna, AUSTRIA"]
[Date "1996.10.26""]
[Round "1"]
[White "Meszaros, G."]
[Black "Palkovi, J."]
[Result "1/2-1/2"]
[WhiteElo "2300"]
[BlackElo "2460"]
[PlyCount "22"]

1. d4 d6 2. e4 Nf6 3. Nc3 Nbd7 4. Nf3 e5 5. Bc4 Be7 6. O-O O-O 7. a4 c6 8. Re1
Qc7 9. h3 h6 10. a5 Re8 11. Ba2 Bf8 1/2-1/2

[Event "7th C. Schlechter Memorial"]
[Site "Vienna, AUSTRIA"]
[Date "1996.10.26""]
[Round "1"]
[White "Balinov, I."]
[Black "Schumi, M."]
[Result "1-0"]
[WhiteElo "2385"]
[BlackElo "2245"]
[PlyCount "87"]

1. c4 g6 2. Nf3 Bg7 3. d4 Nf6 4. g3 O-O 5. Bg2 d6 6. O-O Nbd7 7. Qc2 e5 8. Rd1
Qe7 9. Nc3 Re8 10. Nb5 e4 11. Nxc7 exf3 12. Bxf3 Nb6 13. Nxe8 Qxe8 14. a4 Bf5
15. Qb3 Bd7 16. a5 Ba4 17. Qd3 Bxd1 18. axb6 Ba4 19. bxa7 Bc6 20. d5 Bd7 21.
Qb3 Ng4 22. Qxb7 Ne5 23. Bg2 Nxc4 24. Ra2 Qc8 25. Qxc8+ Bxc8 26. b3 Ne5 27. Be3
Bf6 28. Ra5 Ng4 29. Bb6 Bc3 30. Ra4 Ne5 31. Bc7 Bd7 32. Ra2 Bb4 33. Bb8 Bf5 34.
e4 Bg4 35. Ra4 Bc5 36. b4 Bd7 {} 37. bxc5 Bxa4 38. c6 Nxc6 39. dxc6 Bxc6 40.
f4 Kf8 41. Bxd6+ Ke8 42. Bb8 f6 43. e5 Bxg2 44. Kxg2 1-0

[Event "7th C. Schlechter Memorial"]
[Site "Vienna, AUSTRIA"]
[Date "1996.10.26""]
[Round "1"]
[White "Zoebisch, H."]
[Black "Schroll, G."]
[Result "1/2-1/2"]
[WhiteElo "2245"]
[BlackElo "2380"]
[PlyCount "92"]

1. d4 f5 2. g3 Nf6 3. Bg2 g6 4. Nf3 Bg7 5. O-O O-O 6. c4 d6 7. Nc3 Nc6 8. d5
Na5 9. Qa4 c5 10. dxc6 Nxc6 11. Rd1 Bd7 12. c5 dxc5 13. Qc4+ Kh8 14. Qxc5 Rc8
15. Qa3 Qa5 16. Qb3 Qb4 17. Qxb4 Nxb4 18. Bg5 Rfd8 19. Ne5 Be6 20. Bxb7 Rxd1+
21. Rxd1 Rb8 22. Bf3 Nxa2 23. Nxa2 Bxa2 24. Nc6 Rxb2 25. Rd8+ Ng8 26. Nxe7 {}
26... Rb5 27. Nxg8 Bxg8 28. Be3 Bf6 29. Rd6 Be5 30. Rd8 a5 31. Bc6 Rb1+ 32. Kg2
Kg7 33. Rd7+ Kf6 34. h4 h6 35. Bxh6 Rb6 36. Bf3 Bb3 37. Bg5+ Ke6 38. Ra7 a4 39.
e4 Bb2 40. exf5+ gxf5 41. Be7 Rd6 42. Bxd6 Kxd6 43. Ra5 a3 44. Rxf5 a2 45. Ra5
a1=Q 46. Rxa1 Bxa1 1/2-1/2

[Event "7th C. Schlechter Memorial"]
[Site "Vienna, AUSTRIA"]
[Date "1996.10.26""]
[Round "1"]
[White "Wittmann, W."]
[Black "Havlicek, J."]
[Result "1/2-1/2"]
[WhiteElo "2370"]
[BlackElo "2245"]
[PlyCount "80"]

1. e4 e6 2. d4 d5 3. Nd2 Nf6 4. e5 Nfd7 5. Bd3 c5 6. c3 Nc6 7. Ne2 Qb6 8. Nf3
cxd4 9. cxd4 f6 10. exf6 Nxf6 11. O-O Bd6 12. Bd2 Bd7 13. Bc3 O-O 14. Ng3 Rae8
15. Ne5 Bc8 16. Nxc6 bxc6 17. Re1 Bxg3 18. hxg3 e5 19. Qb3 e4 20. Qxb6 axb6 21.
Be2 e3 22. fxe3 Rxe3 23. Bf3 Rfe8 24. Rxe3 Rxe3 25. a4 Bg4 26. Kf2 Re6 27. Re1
Kf7 28. b4 Rxe1 29. Bxe1 Bc8 30. Ke3 g5 31. Be2 Ke7 32. Bd3 h6 33. Bc3 Bd7 34.
Bb2 b5 35. a5 Bc8 36. Bc3 Ng4+ 37. Ke2 Kf6 38. Bd2 h5 39. Be1 Ba6 40. Bc2 Bc8
1/2-1/2

[Event "7th C. Schlechter Memorial"]
[Site "Vienna, AUSTRIA"]
[Date "1996.10.26""]
[Round "1"]
[White "Holzer, G."]
[Black "Weinzettl, E."]
[Result "0-1"]
[WhiteElo "2230"]
[BlackElo "2365"]
[PlyCount "52"]

1. e4 e6 2. Nf3 d5 3. exd5 exd5 4. d4 Nc6 5. Be2 Bd6 6. O-O Nge7 7. b3 Bg4 8.
Bb2 O-O 9. c4 Nf5 10. h3 Bxf3 11. Bxf3 dxc4 12. Bxc6 bxc6 13. Nd2 cxb3 14. Qf3
Nh4 15. Qxc6 Qf6 16. g3 Rae8 17. Rae1 Rxe1 18. Rxe1 bxa2 19. Qc3 Qg6 20. Re4
Nf5 21. Rg4 Qe6 22. Ne4 f6 23. d5 Qe5 {} 24. Nxf6+ Rxf6 25. Qxe5 Bxe5 26. Bxe5
Ra6 0-1

[Event "7th C. Schlechter Memorial"]
[Site "Vienna, AUSTRIA"]
[Date "1996.10.26""]
[Round "1"]
[White "Alvir, A."]
[Black "Kuthan, A."]
[Result "1/2-1/2"]
[WhiteElo "2355"]
[BlackElo "2225"]
[PlyCount "85"]

1. e4 e6 2. d4 d5 3. Nc3 Bb4 4. e5 c5 5. Bd2 Ne7 6. Nb5 Bxd2+ 7. Qxd2 O-O 8.
dxc5 Nd7 9. Qc3 a6 10. Nd6 Qc7 11. O-O-O Qxc5 12. Qxc5 Nxc5 13. Nf3 Ng6 14. h4
Ne4 15. h5 Nxe5 16. Nxe4 Nxf3 17. gxf3 dxe4 18. h6 g6 19. fxe4 b5 20. e5 Bb7
21. Rh4 Rac8 22. Rd7 Bd5 23. Ra7 Rc6 24. Rf4 Bxa2 25. Bxb5 axb5 26. Rxa2 Rfc8
27. c3 Kf8 28. Rb4 Rc5 29. f4 g5 30. Ra7 gxf4 31. Rxf4 R8c7 32. Rxc7 Rxc7 33.
Kd2 Rc5 34. Re4 Ke7 35. Kd3 f5 36. exf6+ Kxf6 37. Rh4 Rd5+ 38. Ke3 Re5+ 39. Kf3
Kg5 40. Rh1 Rf5+ 41. Ke4 Rf2 42. b4 Rf4+ 43. Kd3 1/2-1/2

[Event "7th C. Schlechter Memorial"]
[Site "Vienna, AUSTRIA"]
[Date "1996.10.26""]
[Round "1"]
[White "Stanka, W."]
[Black "Miniboeck, G."]
[Result "0-1"]
[WhiteElo "2220"]
[BlackElo "2355"]
[PlyCount "88"]

1. e4 c5 2. c3 d5 3. exd5 Qxd5 4. d4 Nf6 5. Nf3 Nc6 6. Be2 cxd4 7. cxd4 e6 8.
O-O Be7 9. Nc3 Qd6 10. Bg5 O-O 11. Qd2 Nd5 12. Bxe7 Ncxe7 13. Ne5 b6 14. Ne4
Qd8 15. Bd3 h6 16. Rac1 Bb7 17. Bb1 Nf5 18. Ng3 Nxg3 19. fxg3 Qg5 20. Qxg5 hxg5
21. Be4 f6 22. Nc4 Rfd8 23. Rce1 Ba6 24. b3 Rac8 25. Bd3 Nc7 26. Re4 f5 27. Re3
Rxd4 28. Ne5 Bxd3 29. Rxd3 Rxd3 30. Nxd3 Nd5 31. Rc1 Rxc1+ 32. Nxc1 Kf7 33. Kf2
e5 34. Ke2 e4 35. Kd2 Kf6 36. Ne2 Ke5 37. h4 gxh4 38. gxh4 Nf4 39. Nc3 Nxg2 40.
a4 Nxh4 41. a5 Nf3+ 42. Kd1 bxa5 43. Nb5 a6 44. Nc7 Nd4 0-1

[Event "7th C. Schlechter Memorial"]
[Site "Vienna, AUSTRIA"]
[Date "1996.10.26""]
[Round "1"]
[White "Eisterer, H."]
[Black "Stuhlik, M."]
[Result "1-0"]
[WhiteElo "2340"]
[BlackElo "2215"]
[PlyCount "25"]

1. d4 d5 2. c4 Nc6 3. Nc3 dxc4 4. d5 Na5 5. e4 Bd7 6. Nf3 e6 7. Be3 exd5 8.
Qxd5 c6 9. Qe5+ Ne7 10. O-O-O f6 11. Qg3 Ng6 12. e5 Qc7 13. e6 1-0

[Event "7th C. Schlechter Memorial"]
[Site "Vienna, AUSTRIA"]
[Date "1996.10.26""]
[Round "1"]
[White "Zetthofer, G."]
[Black "Penz, H."]
[Result "1/2-1/2"]
[WhiteElo "2215"]
[BlackElo "2340"]
[PlyCount "66"]

1. d4 Nf6 2. Nf3 c5 3. c4 cxd4 4. Nxd4 Nc6 5. Nc3 e6 6. e3 Bc5 7. Be2 O-O 8.
O-O d5 9. cxd5 exd5 10. a3 Be6 11. b4 Bd6 12. Ncb5 Nxd4 13. Qxd4 Be7 14. Qf4 a6
15. Nd4 Ne4 16. Bb2 Bd6 17. Nxe6 fxe6 18. Qg4 Qe7 19. Bd3 Nf6 20. Qh4 a5 21. b5
Rac8 22. a4 g6 23. Rac1 Nd7 24. Qg4 Ne5 25. Bxe5 Bxe5 26. h4 Kh8 27. h5 Rxc1
28. Rxc1 Qf7 29. f4 gxh5 30. Qh3 Bd6 31. Be2 Qf5 32. Qxf5 Rxf5 33. Rc8+ Rf8
1/2-1/2

[Event "7th C. Schlechter Memorial"]
[Site "Vienna, AUSTRIA"]
[Date "1996.10.26""]
[Round "1"]
[White "Palos, O."]
[Black "Koller, H."]
[Result "1/2-1/2"]
[WhiteElo "2335"]
[BlackElo "2205"]
[PlyCount "98"]

1. d4 e6 2. Nf3 Nf6 3. g3 d5 4. Bg2 Be7 5. O-O O-O 6. c4 dxc4 7. Qc2 a6 8. Qxc4
b5 9. Qc2 Bb7 10. Bd2 Nbd7 11. Ba5 Nb6 12. Nbd2 Rc8 13. b4 Ne8 14. Ne5 Bxg2 15.
Kxg2 Qd5+ 16. e4 Qb7 17. Qc6 Nd6 18. Qxb7 Nxb7 19. Nc6 Rfe8 20. Rfc1 Nxa5 21.
bxa5 Na4 22. Nxe7+ Rxe7 23. Rc6 f5 24. e5 Ra8 25. Rac1 Ra7 26. R1c2 g5 27. f4
gxf4 28. gxf4 Kf8 29. Nf3 Ke8 30. d5 Rg7+ 31. Kf2 exd5 32. Nd4 Rg6 33. Nxf5
Rxc6 34. Rxc6 Nb2 35. Rf6 Nc4 36. e6 Nd6 37. Nxd6+ cxd6 38. Ke3 Rc7 39. Kd4 Rc2
40. Kxd5 Rd2+ 41. Ke4 Rxa2 42. Rh6 b4 43. Rxh7 b3 44. Rb7 b2 45. f5 Ra4+ 46.
Kd3 Rf4 47. Rxb2 Rxf5 48. Rb6 Rxa5 49. Rxd6 Ke7 1/2-1/2

[Event "7th C. Schlechter Memorial"]
[Site "Vienna, AUSTRIA"]
[Date "1996.10.26""]
[Round "1"]
[White "Vodep, O."]
[Black "Blatny, F."]
[Result "1/2-1/2"]
[WhiteElo "2205"]
[BlackElo "2325"]
[PlyCount "89"]

1. e4 e5 2. Nc3 Nc6 3. Bc4 Nf6 4. d3 d6 5. Nf3 Be7 6. O-O Bg4 7. h3 Bh5 8. Bb5
O-O 9. Bxc6 bxc6 10. Ne2 Bxf3 11. gxf3 Qd7 12. Kh2 Nh5 13. Ng3 Nxg3 14. fxg3 f5
15. Be3 Bf6 16. g4 fxg4 17. fxg4 c5 18. Qe2 Qe7 19. Rf3 Bg5 20. Raf1 Bf4+ 21.
Kg2 g5 22. Bxf4 exf4 23. d4 d5 24. Re1 Rae8 25. e5 cxd4 26. Qd3 c5 27. c3 Qb7
28. cxd4 Qxb2+ 29. Re2 Qxd4 30. Qxd4 cxd4 31. e6 Kg7 32. Re5 h6 33. Ra3 Re7 34.
Rxd5 Rf6 35. Rxd4 Rfxe6 36. Rda4 Re2+ 37. Kf1 Re1+ 38. Kf2 R7e2+ 39. Kf3 Re3+
40. Kf2 R1e2+ 41. Kf1 Rxa3 42. Rxa3 Re7 43. Ra6 Rc7 44. a4 Rb7 45. Kg2 1/2-1/2

[Event "7th C. Schlechter Memorial"]
[Site "Vienna, AUSTRIA"]
[Date "1996.10.26""]
[Round "1"]
[White "Dueckstein, A."]
[Black "Hangweyrer, R."]
[Result "1-0"]
[WhiteElo "2305"]
[BlackElo "2205"]
[PlyCount "55"]

1. e4 e6 2. d4 d5 3. Nc3 Bb4 4. Qd3 dxe4 5. Qxe4 Nf6 6. Qh4 Nc6 7. Nf3 O-O 8.
Bd3 Be7 9. a3 Re8 10. O-O b6 11. Bg5 g6 12. Rad1 Bb7 13. Rfe1 h5 14. Qg3 Kg7
15. Ne5 Nxe5 16. dxe5 Nd7 17. Bc1 Bh4 18. Qf4 Rh8 19. Be4 Bxe4 20. Rxe4 Be7 21.
Red4 g5 22. Qe4 Nc5 23. Rxd8 Nxe4 24. Rxh8 Nxc3 25. Rxa8 Nxd1 26. Rxa7 Kg6
27. Kf1 Bc5 28. Rxc7 1-0

[Event "7th C. Schlechter Memorial"]
[Site "Vienna, AUSTRIA"]
[Date "1996.10.26""]
[Round "1"]
[White "Prager, M."]
[Black "Kummer, H."]
[Result "0-1"]
[WhiteElo "2165"]
[BlackElo "2300"]
[PlyCount "124"]

1. e4 c5 2. Nf3 Nf6 3. Nc3 Nc6 4. d4 d5 5. exd5 Nxd5 6. Nxd5 Qxd5 7. Be3 cxd4
8. Nxd4 Nxd4 9. Qxd4 Qxd4 10. Bxd4 Bd7 11. Bc4 Bc6 12. O-O e6 13. a4 a6 14.
Rfe1 Be7 15. f4 Rd8 16. c3 Bf6 17. Bxf6 gxf6 18. b4 Rg8 19. g3 Ke7 20. b5 Bd5
21. Bf1 axb5 22. Bxb5 Rc8 23. Rad1 Rgd8 24. Re3 Bc4 25. Rb1 Ba2 26. Rb2 Rd1+
27. Kg2 Bd5+ 28. Kh3 Kf8 29. Kh4 Rc1 30. c4 Bxc4 31. Bxc4 R1xc4 32. Rxb7 Rxa4
33. Rd3 Kg7 34. Rdd7 Rf8 35. Kh3 Kg6 36. Rdc7 e5 37. fxe5 fxe5 38. Rb6+ f6 39.
Re7 Re4 40. Rbb7 h5 41. Rg7+ Kf5 42. Rh7 h4 43. Rh5+ Kg6 44. Rbh7 hxg3 45. hxg3
Ra8 46. R7h6+ Kf7 47. Rf5 Ra6 48. Rf2 Kg7 49. Rh5 Re1 50. Rhf5 Rh1+ 51. Kg2
Raa1 52. Kf3 Rhg1 53. Ke4 Ra4+ 54. Kd5 Ra5+ 55. Ke4 Re1+ 56. Kf3 Ra3+ 57. Kg2
Ra6 58. Kh2 Rd1 59. Kh3 Rh1+ 60. Kg4 Rh6 61. R5f3 Ra4+ 62. Kf5 Kf7 0-1

[Event "7th C. Schlechter Memorial"]
[Site "Vienna, AUSTRIA"]
[Date "1996.10.26""]
[Round "1"]
[White "Roth, P."]
[Black "Sandhu, M."]
[Result "1/2-1/2"]
[WhiteElo "2295"]
[BlackElo "2130"]
[PlyCount "52"]

1. e4 c6 2. Nc3 d5 3. Nf3 Nf6 4. e5 Ne4 5. d3 Nxc3 6. bxc3 Bg4 7. h3 Bxf3 8.
Qxf3 e6 9. Qg3 c5 10. Be2 Nc6 11. O-O Qc7 12. f4 g6 13. Be3 b6 14. Bf3 O-O-O
15. Rfb1 Be7 16. a4 Na5 17. Rb5 Kd7 18. Rab1 Rb8 19. c4 dxc4 20. d4 a6 21. Rxa5
bxa5 22. Rd1 cxd4 23. Bxd4 Ke8 24. Qf2 Rd8 25. Kh2 h5 26. Qe3 Rd7 1/2-1/2

[Event "7th C. Schlechter Memorial"]
[Site "Vienna, AUSTRIA"]
[Date "1996.10.26""]
[Round "1"]
[White "Todor, R."]
[Black "Schuh, F."]
[Result "1/2-1/2"]
[WhiteElo "2120"]
[BlackElo "2285"]
[PlyCount "45"]

1. c4 e6 2. g3 d5 3. Bg2 Nf6 4. Nf3 Be7 5. O-O O-O 6. b3 b6 7. Bb2 Bb7 8. d3 c5
9. e3 Nbd7 10. Nbd2 Qc7 11. Rc1 Rac8 12. Qe2 Rfd8 13. e4 dxe4 14. dxe4 e5 15.
Rcd1 Re8 16. Nh4 Nf8 17. Nf5 Ne6 18. Qe3 Bf8 19. h3 Rcd8 20. Nb1 Nd4 21. g4 g6
22. Ng3 Bg7 23. Nc3 1/2-1/2

[Event "7th C. Schlechter Memorial"]
[Site "Vienna, AUSTRIA"]
[Date "1996.10.26""]
[Round "1"]
[White "Sader, M."]
[Black "Weissel, G."]
[Result "1/2-1/2"]
[WhiteElo "2285"]
[BlackElo "2095"]
[PlyCount "44"]

1. Nf3 d5 2. c4 c6 3. b3 Nf6 4. Bb2 Bg4 5. e3 e6 6. Be2 Bd6 7. d3 O-O 8. h3
Bxf3 9. Bxf3 Nbd7 10. O-O Qe7 11. Nc3 Rad8 12. Qc2 Ne5 13. Be2 a6 14. Rfe1 Ng6
15. Rac1 Bb4 16. Red1 Bd6 17. g3 h5 18. d4 h4 19. g4 e5 20. Qf5 exd4 21. Rxd4
Be5 22. Rd3 d4 1/2-1/2

[Event "7th C. Schlechter Memorial"]
[Site "Vienna, AUSTRIA"]
[Date "1996.10.26""]
[Round "1"]
[White "Stoeckl, E."]
[Black "Neumeier, K."]
[Result "0-1"]
[WhiteElo "2090"]
[BlackElo "2280"]
[PlyCount "96"]

1. Nf3 d6 2. d4 Nf6 3. g3 g6 4. Bg2 Bg7 5. c4 O-O 6. Nc3 Nbd7 7. O-O e5 8. dxe5
dxe5 9. h3 c6 10. Be3 Qe7 11. Qd2 Ne8 12. Rfd1 Nc7 13. Ne4 Ne6 14. Nd6 Rd8 15.
Nxc8 Raxc8 16. Qc2 f5 17. Qc1 e4 18. Nd4 Ndc5 19. Nxe6 Nxe6 20. Rb1 Qb4 21. Qc2
Bd4 22. Bd2 Qe7 23. e3 Bf6 24. Bc3 Qg7 25. Bxf6 Qxf6 26. b4 c5 27. b5 b6 28.
Bf1 Rxd1 29. Rxd1 Rd8 30. Be2 Rxd1+ 31. Bxd1 Ng5 32. h4 Nf7 33. Qd2 Qd6 34.
Qxd6 Nxd6 35. Be2 Kg7 36. Kf1 Kf6 37. Ke1 Ke5 38. Kd2 h6 39. Kc3 g5 40. hxg5
hxg5 41. Bf1 Nf7 42. Be2 Nh6 43. Kd2 f4 44. gxf4+ gxf4 45. Bh5 Kf5 46. Bd1 Nf7
47. Be2 f3 48. Bf1 Kg4 0-1

[Event "7th C. Schlechter Memorial"]
[Site "Vienna, AUSTRIA"]
[Date "1996.10.26""]
[Round "1"]
[White "Groetz, H."]
[Black "Hansen, K."]
[Result "1-0"]
[WhiteElo "2280"]
[BlackElo "2070"]
[PlyCount "147"]

1. e4 c6 2. d4 d5 3. Nd2 dxe4 4. Nxe4 Bf5 5. Ng3 Bg6 6. h4 h6 7. Nf3 Nf6 8. h5
Bh7 9. Bd3 Bxd3 10. Qxd3 e6 11. Bd2 Nbd7 12. O-O-O Qc7 13. Kb1 Bd6 14. Rh4
O-O-O 15. c4 Rhe8 16. Ne4 Nxe4 17. Qxe4 Nf6 18. Qe2 c5 19. Bc3 cxd4 20. Bxd4
Bc5 21. Bxf6 Rxd1+ 22. Qxd1 gxf6 23. Qe2 e5 24. Nd2 f5 25. f3 Re6 26. Rh1 Qd8
27. Nb3 Qe7 28. Rd1 Bd6 29. c5 Bc7 30. Qc4 a6 31. Qd5 Qd8 32. Qxe6+ fxe6 33.
Rxd8+ Kxd8 34. Kc2 Ke7 35. Nd2 Kf6 36. Kd3 Kg5 37. Nc4 Kxh5 38. Nd6 Kh4 39. Ke2
Kg3 40. Kf1 h5 41. Nxb7 h4 42. c6 e4 43. fxe4 fxe4 44. Nc5 e3 45. Nxe6 e2+ 46.
Kxe2 Kxg2 47. Nxc7 h3 48. Nxa6 h2 49. c7 h1=Q 50. c8=Q Qf1+ 51. Kd2 Qf4+ 52. Kd3
Qf3+ 53. Kc2 Qe4+ 54. Kc3 Qe3+ 55. Kb4 Qd4+ 56. Ka3 Qd3+ 57. b3 Qb5 58. Qg4+ Kh1
59. Qa4 Qf1 60. Qc6+ Kh2 61. Ka4 Qd3 62. a3 Qd4+ 63. b4 Qd1+ 64. Ka5 Qe1 65. Nc5
Qc3 66. a4 Qd2 67. Qb6 Qd5 68. Qc7+ Kg1 69. b5 Qa8+ 70. Kb6 Qf3 71. a5 Qf6+ 72.
Ka7 Qc3 73. a6 Kh1 74. b6 1-0